|
|
|
|
| LEADER |
01057nam a22002537a 4500 |
| 001 |
AAL4641 |
| 003 |
BD-DhAAL |
| 005 |
20161004121747.0 |
| 008 |
161004s 1994enk||||| |||| 00| 0 eng d |
| 020 |
|
|
|a 1853831913
|
| 040 |
|
|
|a BD-DhAAL
|c BD-DhAAL
|
| 082 |
|
|
|a 344.4/043
|
| 245 |
|
|
|a The EC environment guide /
|c American Chamber of Commerce in Belgium. EC Committee.
|
| 260 |
|
|
|a EC Committee of the American Chamber of Commerce :
|b Belgium,
|c ©1994
|
| 300 |
|
|
|a iii, 199 p. ;
|c 22 cm.
|
| 541 |
|
|
|e 4641
|
| 650 |
|
|
|a Environmental law
|x European Economic Community countries
|9 20517
|
| 650 |
|
|
|a Environmental policy
|x European Economic Community countries
|9 20518
|
| 650 |
|
|
|a Environmental law
|9 20519
|
| 710 |
|
|
|a American Chamber of Commerce in Belgium. EC Committee.
|9 20520
|
| 852 |
|
|
|a Savar Campus Library
|c General Stacks
|
| 942 |
|
|
|2 ddc
|c BK
|
| 999 |
|
|
|c 37849
|d 37849
|
| 952 |
|
|
|0 0
|1 0
|2 ddc
|4 0
|6 344_400000000000000_043_ECE
|7 0
|9 59683
|a SCL
|b SCL
|c GEN
|d 2016-10-04
|e Gift: The British Council
|l 0
|o 344.4043 ECE
|p 3020004641
|r 2016-10-04
|t 1
|w 2016-10-04
|y BK
|